Ark Survival Evolved General Quiz 5 - Statistics

General Stats
  • This quiz has been taken 472 times
  • The average score is 32 of 51
Answer Stats
Hint Answer % Correct
On what body part is your implant? Arm
99%
What biome is at the north? (The Island) Snow
90%
What is the name of the biome with the largest trees, near the center? (The Island) Redwoods
83%
What do you do to it when you spawn in? (One word) Scratch it
83%
What is the name of the type of creatures that are larger, faster, and much stronger than their counterparts? (Hint: they glow red and are usually colored red.) Alpha
80%
What color is the monument the northwest? (The Island) Blue
79%
What color is the monument in the southwest? (Island) Red
79%
What difficulty is associated with red? Alpha/Hard
78%
What difficulty is associated with blue? Beta/Medium
78%
What difficulty is associated with green? Gamma/Easy
78%
What color is the monumentin the east? (The Island) Green
78%
Which boss is associated with this color? Dragon
76%
What part of the Rex is used as a tribute? Arm/Teeth
75%
Which boss is associated with this color? Broodmother
74%
What biome is in the south? (The Island) Beach/Jungle
72%
What biome is in the east and center? (The Island) Swamp
71%
What part of the Sarco is used as a tribute? Skin
70%
How many extra levels do you get on medium difficulty? 10
69%
How many extra levels do you get on hard difficulty? 15
69%
How many extra levels do you get on easy difficulty? 5
69%
What is the name of the mysterious trophies found only in caves, needed for boss fights? Artifacts
69%
What part of the Tusoteuthis is used as a tribute? Tentacle/Eye
69%
What is the tallest mountain in the game? (The Island) The Volcano
69%
Which boss is associated with this color? Megapithecus
68%
What part of the Giganotosaurus is used as a tribute? Heart
67%
What is the name of the final boss? (The Island) Overseer
67%
What are the names of the large floating monuments in the map? Obelisks
66%
Did you like the quiz? Yes/No
66%
What special material is needed to make this? Element
63%
What is the name of the futuristic structures/buildings/armor learned from bosses? Tek
63%
What part of the Yutyrannus is used as a tribute? Lungs
60%
What is the name of the messages left behind from previous survivors? Explorer Notes
59%
What is the name of the final cave? (The Island) Tek Cave
58%
What extremely dangerous creature can be found in this cave? (Hint: There's only one) Giga
57%
Where are these structures located? Space
57%
What bonus do the normal ones give? 2x xp
56%
What is the name of the process after defeating the boss? Ascension
56%
What do they drop? (In the boss arena) Element
55%
What part of the Titanoboa is used as a tribute? Toxin
55%
What bonus do the blue ones give? 4x xp
53%
What is the unofficial name of the island on the southeast of the map? (Hint: there is a lack of predators) Herbivore Island
52%
Who (in the lore) discovered this material? (Hint: not the people who first discovered it, the person that discovered it on the map) Rockwell
52%
What is the name of the structure that the game takes place on? (Hint: not the name of the map) Arks
51%
What is the unofficial name of the island on the northeast of the map? (Hint: there is a lack of prey) Carno Island
51%
What part of the Alpha Leedsichthys is used as a tribute? Blubber
49%
What is the name of the australian biologist in the lore? Helena Walker
44%
What are the rolling robots it spawns? Defense Unit
43%
What are the flying robots it spawns? Attack Drone
40%
What is the name of the roman centurion in the lore? Gaius Nerva
24%
What are the rulers of these structures? (Hint: don't overthink it) Bosses
21%
What is the name of the peninsula in South Zone 1 and West Zone 1? (Hint: this is probably where you spawned the first time you played the game) (The Island) The Footpaw
8%
No matching quizzes found
Score Distribution
Percent of People with Each Score
Percentile by Number Answered
Your Score History
You have not taken this quiz